| 000 | 00408cam a2200169ua 4500 | ||
|---|---|---|---|
| 020 | _c9.00 | ||
| 041 |
_amal _h |
||
| 082 |
_a894.8121 _bMEN/KA |
||
| 100 | _aMenon, K P S . | ||
| 245 |
_aKathakaliyude prakaram, Vol 1 / _cK P S Menon. _hTextual Documents |
||
| 260 |
_aAhammedabad : _bDharpana , _c1963. |
||
| 300 | _a467 ; . | ||
| 365 | _a9.00 | ||
| 504 | _a | ||
| 942 | _cBK | ||
| 999 |
_c6114 _d6114 |
||